000 00369nam a2200157Ia 4500
003 Ost
005 20260225132543.0
008 260225s9999||||xx |||||||||||||| ||und||
040 _cfsic
041 _afre
082 _a440
100 _aElie Barnavi
_eAuteur
245 0 _aLa politique étrangère du gènèral degaule /
245 0 _cElie Barnavi
942 _cكتاب
999 _c33617
_d33617